Представление документа в формате MARC21

Поле Инд. ПП Название Значение
Тип записи a
Библиографический уровень m
001 Контрольный номер bf10cd1a-140a-4469-94c8-1bf45aff8323
005 Дата корректировки 20180920121332.1
008 Кодируемые данные 050830
020 a ISBN 5-7703-0131-7
c Цена, тираж 500.00
040 a Служба первич. каталог. НБ ТвГУ
041 0_ a Код языка текста rus
080 a Индекс УДК 72.03(470.331-25)(084.12)
a Индекс УДК 94(470.331-25)(084.12)
084 a Индекс другой классификации/Индекс ББК Щ133(2Рос=411.2)-69Тверь.я61
a Индекс другой классификации/Индекс ББК Т3(2Рос-4Тве-2Тве)я61
a Индекс другой классификации/Индекс ББК Щ158.93(2Рос=411.2)-69Твер611
090 a Полочн. индекс Щ113(2Рос)
x Авторский знак Б12
245 10 a Заглавие Бабушкин альбом
b Продолж. заглавия губерн. город Тверь глазами твер. фотографов на открытках конца XIX - начала XX веков
c Ответственность [подбор, сост.: В. Л. Руденко, А. Н. Семенов ; авт. вступ. ст. Н. М. Бодашков, С. И. Сенин]
260 0_ a Место издания Тверь
b Издательство Студия-С
b Издательство Твелем
c Дата издания 2005
300 a Объем 221 с.
b Иллюстрации/ тип воспроизводства ил., цв. ил.
440 _0 a Серия Тверская губерния на почтовых открытках
583 a Действие Получение впервые 245 29.08.2005
k Исполнитель действия Дар Семенова А.Н.
650 04 a Основная рубрика Тверь, город
x Основная подрубрика Архитектура
x Основная подрубрика История
y Хронологическая подрубрика 19-20 вв.
650 04 a Основная рубрика Русская архитектура
650 04 a Основная рубрика Открытки художественные
653 0_ a Ключевые слова Альбомы
a Ключевые слова Архитектура
a Ключевые слова Краеведение
a Ключевые слова Открытки
a Ключевые слова Прикладная графика
a Ключевые слова Русская архитектура
a Ключевые слова Тверская архитектура
a Ключевые слова Тверь
a Ключевые слова Художественные открытки
700 1_ a Другие авторы Бодашков Николай Михайлович
e Роль лиц авт. вступ. ст.
700 1_ a Другие авторы Сенин Сергей Иванович
e Роль лиц авт. вступ. ст.
700 1_ a Другие авторы Семенов Александр Николаевич
e Роль лиц общ. ред., сост.
d Дата 1953-2018
700 1_ a Другие авторы Галочкин В. А.
e Роль лиц общ. ред.
852 41 t Порядковый номер экземпляра 1
p Инвентарный номер 815877
852 41 t Порядковый номер экземпляра 1
p Инвентарный номер 815878
852 41 t Порядковый номер экземпляра 1
p Инвентарный номер 815879
852 41 t Порядковый номер экземпляра 1
p Инвентарный номер 815880
852 41 t Порядковый номер экземпляра 1
p Инвентарный номер 815881
x Примечание, не предназначенное для пользователя Семенов А. Н., дарств. зап.
863 t 00092971
863 t 00092970
888 a Бесплатные
930 a Новая/Ретро альбомы
a Новая/Ретро краеведение
952 p 245.2005 500.00 1 815877
p 245.2005 500.00 1 815878
p 245.2005 500.00 1 815879
p 245.2005 500.00 1 815880
p 245.2005 500.00 1 815881
c Вид литературы К рн
954 a Дата поступления на обработку 20050912
999 a Подразделение 2 аб.
a Подразделение 2 Фил3
a Подразделение 2 Фил2
a Подразделение 2 ч.з.
a Подразделение 2 ОРК